<?xml version="1.0" encoding="UTF-8"?>
<record
    xmlns:xsi="http://www.w3.org/2001/XMLSchema-instance"
    xsi:schemaLocation="http://www.loc.gov/MARC21/slim http://www.loc.gov/standards/marcxml/schema/MARC21slim.xsd"
    xmlns="http://www.loc.gov/MARC21/slim">

  <leader>02180agaaa2200337   4500</leader>
  <controlfield tag="001">6157</controlfield>
  <controlfield tag="003">IT-RoPAU</controlfield>
  <controlfield tag="005">20220918181227.0</controlfield>
  <controlfield tag="007">d cvaizq</controlfield>
  <controlfield tag="008">50131s9999||||xx ||| |     ||   ||und||</controlfield>
  <datafield tag="040" ind1=" " ind2=" ">
    <subfield code="a">IT-RoPAU</subfield>
    <subfield code="c">IT-RoPAU</subfield>
  </datafield>
  <datafield tag="041" ind1=" " ind2=" ">
    <subfield code="a">ITALIANO</subfield>
  </datafield>
  <datafield tag="100" ind1=" " ind2=" ">
    <subfield code="a">Chaplin Charlie (Charlot)</subfield>
    <subfield code="g">Codice regista SPICS: 8134</subfield>
    <subfield code="9">38629</subfield>
  </datafield>
  <datafield tag="130" ind1=" " ind2=" ">
    <subfield code="a">FEBBRE DELL'ORO (LA)</subfield>
    <subfield code="9">38630</subfield>
  </datafield>
  <datafield tag="240" ind1=" " ind2=" ">
    <subfield code="a">LIMELIGHT</subfield>
    <subfield code="g">T1779</subfield>
  </datafield>
  <datafield tag="245" ind1=" " ind2=" ">
    <subfield code="a">FEBBRE DELL'ORO (LA)</subfield>
    <subfield code="c">Prodotto da: Chaplin Charlie -- Sceneggiatura: Chaplin Charlie -- Diretto da: Chaplin Charlie (Charlot)</subfield>
    <subfield code="p">FEBBRE DELL'ORO (LA) (Rif. Codice opera principale : H6157)</subfield>
  </datafield>
  <datafield tag="246" ind1=" " ind2=" ">
    <subfield code="a">LIMELIGHT</subfield>
  </datafield>
  <datafield tag="250" ind1=" " ind2=" ">
    <subfield code="a">Edizione Standard</subfield>
  </datafield>
  <datafield tag="260" ind1=" " ind2=" ">
    <subfield code="a">(USA)</subfield>
    <subfield code="b">CHARLIE CHAPLIN PRODUCTIONS / Distribuzione: PANORAMA</subfield>
    <subfield code="g">"1925 (1&#xB0; ed.: 2005 ; Ed. Lingua Orig.: 1925)"</subfield>
  </datafield>
  <datafield tag="300" ind1=" " ind2=" ">
    <subfield code="a">DVD</subfield>
    <subfield code="b">muto, b&amp;w</subfield>
    <subfield code="c">69 minuti</subfield>
  </datafield>
  <datafield tag="508" ind1=" " ind2=" ">
    <subfield code="a">"Fotografia: Totheroh Roland; Montaggio: Chaplin Charlie; Musica: Chaplin Charlie (Charlot); Sceneggiatura: Chaplin Charlie; Scenografia: Hall Charles D.; "</subfield>
  </datafield>
  <datafield tag="511" ind1=" " ind2=" ">
    <subfield code="a">"Chaplin Charlie; Hale Georgia; Swain Mack; Murray Tom; Bergman Henry; Waite Malcom"</subfield>
  </datafield>
  <datafield tag="520" ind1=" " ind2=" ">
    <subfield code="a">CHARLOT E' IN ALASKA ALLA RICERCA DI UNA MINIERA D'ORO. INCONTRA UN ALTRO CERCATORE, GIACOMONE, NELLA CAPANNA DEL BANDITO LARSEN. QUESTI USCITO PER VIVERI NON FA PIU' RITORNO. PIU' TARDI GIACOMONE LO INCONTRA MA IN UNA COLLUTTAZIONE, VIENE COLPITO ALLA TESTA E PERDE LA MEMORIA. EGLI E' IL SOLO A CONOSCERE IL POSTO DELLA MINIERA, COSI' CHARLOT E' SOLO E SENZA META. TROVA UN POSTO DI LAVORO PROVVISORIO E CONOSCE UNA BALLERINA, GEORGIA, DI CUI SI INNAMORA. MA SI ACCORGE CHE LA RAGAZZA SI SERVE DI LUI PER INGELOSIRE IL FIDANZATO. CHARLOT RIESCE PERO' A SCOPRIRE LA MINIERA E CON LA RICCHEZZA ACQUISTA ANCHE L'AMORE DI GEORGIA.</subfield>
  </datafield>
  <datafield tag="538" ind1=" " ind2=" ">
    <subfield code="a">PAL, STEREO</subfield>
  </datafield>
  <datafield tag="546" ind1=" " ind2=" ">
    <subfield code="a">ITALIANO</subfield>
  </datafield>
  <datafield tag="650" ind1=" " ind2=" ">
    <subfield code="a">COMMEDIA</subfield>
    <subfield code="e">DVD-FILM [DVD]</subfield>
    <subfield code="x">Codice MATERIA SPICS: 9947</subfield>
    <subfield code="9">36668</subfield>
  </datafield>
  <datafield tag="700" ind1=" " ind2=" ">
    <subfield code="a">Chaplin Charlie (Charlot) </subfield>
    <subfield code="e">(regista)</subfield>
    <subfield code="g">Codice regista SPICS: 8134</subfield>
    <subfield code="9">38631</subfield>
  </datafield>
  <datafield tag="700" ind1=" " ind2=" ">
    <subfield code="a">Chaplin Charlie (Charlot) </subfield>
    <subfield code="e">(soggetto)</subfield>
    <subfield code="g">Codice Soggetto SPICS: 8134</subfield>
    <subfield code="9">38632</subfield>
  </datafield>
  <datafield tag="700" ind1=" " ind2=" ">
    <subfield code="a">Chaplin Charlie (Charlot)</subfield>
    <subfield code="e">(musica)</subfield>
    <subfield code="g">Codice Musica SPICS: 8134</subfield>
    <subfield code="9">38633</subfield>
  </datafield>
  <datafield tag="942" ind1=" " ind2=" ">
    <subfield code="c">DV</subfield>
    <subfield code="2">ddc</subfield>
  </datafield>
  <datafield tag="999" ind1=" " ind2=" ">
    <subfield code="c">104955</subfield>
    <subfield code="d">104955</subfield>
  </datafield>
  <datafield tag="952" ind1=" " ind2=" ">
    <subfield code="0">0</subfield>
    <subfield code="1">0</subfield>
    <subfield code="4">0</subfield>
    <subfield code="6">H_6157_000000000000000</subfield>
    <subfield code="7">1</subfield>
    <subfield code="a">SPICS</subfield>
    <subfield code="b">SPICS</subfield>
    <subfield code="d">2015-01-31</subfield>
    <subfield code="l">0</subfield>
    <subfield code="o">H6157</subfield>
    <subfield code="r">2015-01-31 00:00:00</subfield>
    <subfield code="w">2015-01-31</subfield>
    <subfield code="y">DV</subfield>
    <subfield code="z">Progr. Ins.: 3386 / N.Vol.:1 / Copie: 1 / Pag.:0 / Copia rara: n.d. / date import: 1.2.2015 / By Epidotti, Trombetti, Vaglietti</subfield>
  </datafield>
</record>
